Important People of the 20th century - Statistics

General Stats
  • This quiz has been taken 65 times
    49 since last reset
  • The average score is 38 of 57
Answer Stats
qHint Answer % Correct
Italian leader in WWll Benito Mussolini
95%
British Princess who died in a car crash Princess Diana
95%
First Communist leader of Russia Vladimir Lenin
95%
Communist leader of Cuba Fidel Castro
93%
First person to walk on the moon Neil Armstrong
93%
American president most famous for the Watergate scandal Richard Nixon
93%
Chicago mobster during Prohibition who received the largest punishment for Tax Evasion in history Al Capone
90%
American president during WWll who battled polio for much of his adult life Franklin Delano Roosevelt
90%
Austrian archduke who's assasination led to WWl Franz Ferdinand
90%
Famous child-star turned global sensation who wrote hits such as "Thriller" and "Billie Jean" Michael Jackson
90%
First President of South Africa Nelson Mandela
90%
Longest tenured monarch in English history Queen Elizabeth
90%
Father of the atomic bomb Robert Oppenheimer
90%
2nd Head of State in Russia who acted as a leader during WW2 Joseph Stalin
88%
Famous Brazilian soccer/football player who performed the "Bicycle Kick" Pele
88%
Woman who famously refused to move her seat on the bus Rosa Parks
88%
American animator who founded a popular theme park and movie studio under his name Walt Disney
88%
German physicist who invented the theory of relativity Albert Einstein
85%
Author of The Lord of The Rings J.R.R Tolkien
85%
First female Prime Minister of the United Kingdon Margaret Thatcher
85%
Co Founder of Microsoft and one of the richest people in the world Bill Gates
83%
Martial Artist/Actor behind movies such as "Enter the Dragon" Bruce Lee
83%
Famous basketball player who won 6 NBA championships and starred for the "Dream Team" Michael Jordan
83%
Heavyweight boxer who acted as an activist for civil rights and against the Vietnam War Muhammad Ali/Cassius Clay
83%
Illustrator/author behind characters like "Spider-Man" and "The Fantastic 4" Stan Lee
80%
Filmmaker who directed movies such as "Jurassic Park" and "Schindlers List" Stephen Spielberg
80%
Famous escape artist and magician Harry Houdini
78%
Two Time Nobel Peace Prize winner who discovered how to isolate radium Marie Curie
78%
Inventor of the "Cubism" art style Pablo Picasso
78%
Famous muscian and activist who wrote "Imagine" John Lennon
75%
Led the march on Washington D.C Martin Luther King
75%
Last Czar of Russia Czar Nicholas
73%
Actress behind movies such a as "Some Like it Hot" Marilyn Monroe
70%
Catholic nun who founded Missionaries of Charity Mother Teresa
70%
British Prime Minister at the beginning of WWll Neville Chamberlain
70%
American actor famous for starring in "Taxi Driver" and "The Godfather ll" Robert De Niro
70%
American Oil Tycoon widely considered one of the richest people ever John. D Rockefeller
68%
Track and Field star who won 4 Gold medals at the 1936 Olympics Jesse Owens
65%
First chairman of the Chinese Communist Party Mao Zedong
65%
American inventor credited with the invention of the Assembly Line Henry Ford
63%
Inventor of Penicillin Alexander Fleming
60%
Brothers who invented the first airplane The Wright Brothers
60%
American astronomer with a world famous telescope to his name Edwin Hubble
55%
Children's author famous for his clever rhyme schemes and wacky invention names Dr. Seuss
50%
Discovered radiation emitted by black holes Stephen Hawking
50%
Last emperer of China Puyi
30%
First Woman in space Valentina Tereshkova
30%
Man who brought McDonalds to worldwide fame Ray Kroc
28%
Captain of the Titantic Edward Smith
25%
Native American athlete who won 2 gold medals in the 1912 olympics Jim Thorpe
23%
Tallest man to ever live Robert Wadlow
18%
Nine time Olympic champion swimmer with 82 medals Mark Spitz
15%
Father of the Prohibition Movement Wayne Wheeler
15%
Japanese game designer who created Super Mario Shigeru Miyamoto
13%
Famous directing duo behind "Oklahoma" Rodgers and Hammerstein
8%
Russian game designer who created "Tetris" Alexey Pajitnov
5%
Canadian Prime Minister who won a Nobel Peace Prize for his work in resolving the Suez Canal crisis Lester B Pearson
3%
No matching quizzes found
Score Distribution
Percent of People with Each Score
Percentile by Number Answered
Your Score History
You have not taken this quiz since the last reset